000 00352nam a2200145Ia 4500
008 151213s9999 xx 000 0 und d
100 _aIan C.Souton
245 _aEdmund Spenser
_cIan C.Souton
260 _aLondon
_bMacmilan
_c1968
300 _a8379 p.
650 _aEnglish
650 _aEnglish Literature
700 _aIan C.Souton
999 _c4217
_d4217